| 000 | 00425nab a2200145Ia 4500 | ||
|---|---|---|---|
| 003 | ES-SlBCS | ||
| 005 | 20210601125455.0 | ||
| 008 | 140529s1988-89 xxu||||| |||| 00| 0 eng d | ||
| 041 | _aeng | ||
| 100 | 1 |
_aSiemens, Reynold _9159070 |
|
| 245 | 0 | 0 |
_aHegel and the Law of Identity _c Reynold Siemens |
| 600 | 1 | 4 |
_aHegel-Identidad _9159071 |
| 773 | 0 |
_tReview of Methaphysics _gvol. 42, 1988-89, págs. 103-128 _wRev843 |
|
| 942 | _cAR | ||
| 999 |
_c530916 _d530916 |
||